000 016660000a22001570004500
001 13591
050 4 _aCD 022
100 1 _aLadd, George Eldon (1911-)
245 1 0 _aTeología del Nuevo Testamento / George Eldon Ladd
500 _aEl CD contiene un traducción al español del libro "A theology of New Testament", edición revisada de Eerdmans, 1994
505 0 0 _aI. LOS EVANGELIOS SINÓPTICOS: Juan el Bautista - La necesidad del Reino - El Reino de Dios - El nuevo siglo de salvación - El Dios del Reino - El misterio del Reino - El Reino y la Iglesia - La ética del Reino - El Mesías - El Hijo del Hombre - El Hijo de Dios - El problema mesiánica - La misión mesiánico - Escatología - Mateo, Marcos y Lucas (R. T. France) II. EL CUARTO EVANGELIO: - El problema crítico - El dualismo juanino - Cristología - Vida eterna - La vida cristiana - El Espíritu Santo - Escatología III. LA IGLESIA PRIMITIVA: - El problema crítico - La resurrección de Jesús - El kerigma escatológica - La Iglesia IV. PABLO: - Introducción - Las fuentes del pensamiento de Pablo - La humanidad fuera de Cristo - La persona de Cristo - La obra de Cristo: expiación - La obra de Cristo: justificación y reconciliación - La sicología paulina - La nueva vida in Cristo - La Ley - La vida cristiana - La Iglesia - Escatología V. HEBREOS Y LAS EPÍSTOLAS GENERALES: - Hebreos - Santiago - Primera Pedro - Segunda Pedro y Judas - Las cartas juaninas VI. EL APOCALIPSIS Apéndice: Unidad y diversidad en el Nuevo Testamento (David Wenham)
942 _cBK
999 _c42548
_d42548
336 _atexto
_btxt
_2rdacontent
337 _2rdamedia
_asin mediación
_bn
338 _2rdacarrier
_avolumen
_bnc